movie settings - countries 2 - Statistics

General Stats
  • This quiz has been taken 24 times
  • The average score is 12 of 15
Answer Stats
movie year country % Correct
Cleopatra 1963 Egypt
100%
Thelma & Louise 1991 The USA
100%
Mad Max 1979 Australia
90%
Amélie 2001 France
90%
The Talented Mr. Ripley 1999 Italy
90%
Mamma Mia! 2008 Greece
86%
The Jungle Book 1967 India
81%
Apocalypto 2006 Mexico
81%
Doctor Zhivago 1965 Russia
81%
The Pianist 2002 Poland
76%
Crazy Rich Asians 2018 Singapore
71%
The Bridge on the River Kwai 1957 Thailand
71%
The Last King of Scotland 2006 Uganda
67%
The Kite Runner 2007 Afghanistan
62%
Romancing the Stone 1984 Colombia
29%
No matching quizzes found
Score Distribution
Percent of People with Each Score
Percentile by Number Answered
Your Score History
You have not taken this quiz